| 000 | 01454cam a22002654a 4500 | ||
|---|---|---|---|
| 005 | 20250605164103.0 | ||
| 008 | 250528s ||||||||||||||||||||||||d | ||
| 035 | _a17624 | ||
| 020 | _a9780435074968 | ||
| 040 |
_aGR-AtMCL _bgre _dGR-AtMCL _eAACR2 |
||
| 245 | 1 | _aHigher Level Mathematics / Developed Specifically for the IB Diploma: 2012 Edition | |
| 260 |
_bPearson, _c2012 |
||
| 300 | _a1044 | ||
| 520 | _aThis is the most complete solution available, providing everything you may need as you study for the IB Diploma in Mathematics at Higher Level. Introduction, Fundamentals, Functions, Algebraic Functions and Equations and Inequalities, Sequences and Series, Exponential and Logarithmic Functions, Matrix Algebra (Optional), Trigonometric Functions and Equations, Triangle Trigonometry, Vectors, Complex Numbers, Statistics, Probability, Differential Calculus I: Fundamentals, Vectors and Lines and Planes, Differential Calculus II: Further Techniques and Applications, Integral Calculus, Probability Distributions, The Mathematical Exploration - Internal Assessment, Sample Examination Papers, Theory of Knowledge, Answers, Index, Options. | ||
| 700 | 1 |
_aAshbourne Peter _93808 |
|
| 700 | 1 |
_aBarclay Paul _93809 |
|
| 700 | 1 |
_aFlynn Peter _93810 |
|
| 700 | 1 |
_aFrederick Kevin _93811 |
|
| 700 | 1 |
_aGarry Tim _93812 |
|
| 700 | 1 |
_aWakeford Mike _93813 |
|
| 700 | 1 |
_aWazir Ibrahim _93814 |
|
| 942 | _cBK | ||
| 999 |
_c3027 _d3027 |
||